[Event "ISR-ch qual GpB"]
[Site "Kiryat Ono"]
[Date "2015.12.11"]
[Round "9"]
[White "Dovev, Noam"]
[Black "Dinkin, Simyon"]
[Result "1-0"]
[WhiteElo "1781"]
[BlackElo "2004"]
[PlyCount "61"]
[EventDate "2015.10.16"]
[EventType "tourn"]
[EventRounds "10"]
[EventCountry "ISR"]
[SourceTitle "CBM 170 Extra"]
[Source "ChessBase"]
[SourceDate "2016.02.25"]
[SourceVersion "1"]
[SourceVersionDate "2016.02.25"]
[SourceQuality "1"]

1. e4 c5 2. Nf3 d6 3. b3 Nc6 4. Bb2 e5 5. c3 Bg4 6. Bb5 Nge7 7. d4 cxd4 8. cxd4 Qa5+ 9. Nc3 exd4 10. Qxd4 Bxf3 11. gxf3 a6 12. Bxc6+ Nxc6 13. Qd5 Qd8 14. Na4 Rc8 15. Rc1 Nb4 16. Rxc8 Qxc8 17. Qd2 Nc6 18. Nb6 Qh3 19. Ke2 Qg2 20. Qd1 h5 21. Qf1 Qg5 22. Qh3 Qb5+ 23. Nc4 Kd8 24. Rd1 Kc7 25. Rd5 Qb4 26. f4 Ne7 27. Rxd6 Nf5 28. Rb6 Qe7 29. Be5+ Kd8 30. Qxf5 f6 31. Rd6+ 1-0

[Event "ISR-ch qual GpB"]
[Site "Kiryat Ono"]
[Date "2015.11.06"]
[Round "4"]
[White "Dinkin, Simyon"]
[Black "Dovev, Noam"]
[Result "1/2-1/2"]
[WhiteElo "2004"]
[BlackElo "1781"]
[PlyCount "82"]
[EventDate "2015.10.16"]
[EventType "tourn"]
[EventRounds "10"]
[EventCountry "ISR"]
[SourceTitle "CBM 170 Extra"]
[Source "ChessBase"]
[SourceDate "2016.02.25"]
[SourceVersion "1"]
[SourceVersionDate "2016.02.25"]
[SourceQuality "1"]

1. c4 Nf6 2. Nc3 d5 3. cxd5 Nxd5 4. e4 Nxc3 5. bxc3 c5 6. Nf3 Bg4 7. Bc4 e6 8. Qa4+ Ke7 9. Ne5 Bh5 10. Ba3 b6 11. d4 Qc7 12. f4 f6 13. dxc5 bxc5 14. Nd3 Nd7 15. Bxe6 Kxe6 16. Qc4+ Ke7 17. Nxc5 Qd6 18. 0-0 Bf7 19. Qb5 Rb8 20. Qa5 Qb6 21. Qxb6 Rxb6 22. Na4+ Ke6 23. Bxf8 Rxf8 24. Nxb6 Nxb6 25. Rfd1 Rc8 26. Rd3 Rc4 27. Re1 Nd7 28. Ree3 Ra4 29. Re2 Ke7 30. Rd4 Ra3 31. Rc2 Bxa2 32. Kf2 Nc5 33. e5 Bb1 34. exf6+ Kxf6 35. Rcd2 Rxc3 36. g4 Nd3+ 37. Kg2 Kf7 38. Rd7+ Kf6 39. Rd6+ Kf7 40. Rd7+ Kf6 41. Rd6+ Kf7 1/2-1/2

[Event "ISR-ch qual GpB"]
[Site "Kiryat Ono"]
[Date "2015.10.23"]
[Round "2"]
[White "Shetah, Roi"]
[Black "Dinkin, Simyon"]
[Result "0-1"]
[WhiteElo "1806"]
[BlackElo "2004"]
[PlyCount "72"]
[EventDate "2015.10.16"]
[EventType "tourn"]
[EventRounds "10"]
[EventCountry "ISR"]
[SourceTitle "CBM 170 Extra"]
[Source "ChessBase"]
[SourceDate "2016.02.25"]
[SourceVersion "1"]
[SourceVersionDate "2016.02.25"]
[SourceQuality "1"]

1. e4 c5 2. Nc3 Nc6 3. g3 g6 4. Bg2 Bg7 5. Nge2 e5 6. d3 Nge7 7. 0-0 0-0 8. Be3 d6 9. Qd2 Nd4 10. Nd5 Nxd5 11. exd5 Nxe2+ 12. Qxe2 f5 13. Bd2 f4 14. h4 Qf6 15. Qf3 g5 16. Qh5 f3 17. hxg5 Qf5 18. Bh1 e4 19. dxe4 Qxe4 20. Bf4 Qxc2 21. Bxd6 Bf5 22. Bxf8 Rxf8 23. g4 Bd3 24. Rfe1 Bd4 25. Qh2 Be2 26. Rab1 Qe4 27. Qg3 Rf4 28. Rxe2 Qxe2 29. Rf1 Qe4 30. Kh2 Be5 31. Kh3 Qe2 32. Rg1 Qe4 33. Rf1 Qxd5 34. Qh4 Qd3 35. Re1 Re4 36. Rxe4 Qf1+ 0-1